[Event "16th TCh-RUS Premier"]
[Site "Dagomys RUS"]
[Date "2009.04.10"]
[Round "7"]
[White "Smirnov,Arte"]
[Black "Tomashevsky,E"]
[Result "0-1"]
[WhiteElo "2454"]
[BlackElo "2684"]
[EventDate "2009.04.04"]

1. d4 Nf6 2. c4 e6 3. Nc3 Bb4 4. e3 O-O 5. Nge2 d5 6. a3 Be7 7. cxd5 exd5
8. b4 c6 9. Ng3 Re8 10. Bd3 Nbd7 11. O-O Nb6 12. b5 c5 13. dxc5 Bxc5 14.
Na4 Nxa4 15. Qxa4 d4 16. Qc2 Qb6 17. Bb2 Be6 18. exd4 Bxd4 19. Bxd4 Qxd4
20. Rfd1 Qf4 21. Ne2 Qe5 22. Qc3 Qxc3 23. Nxc3 Red8 24. Be2 Rac8 25. Bf3
Rxd1+ 26. Rxd1 Kf8 27. Ne4 Nxe4 28. Bxe4 Rc5 29. Bxb7 Rxb5 30. Bf3 Rb3 31.
Ra1 Ke7 32. h4 Kd6 33. Bd1 Rc3 34. Kf1 Kc5 35. Ke1 Kd4 36. Kd2 Bd5 37. Bc2
h6 38. a4 a5 39. g3 Bc4 40. Rd1 Ra3 41. Rb1 Rf3 42. Ke1 Rf6 43. Bd1 g6 44.
Rb2 h5 45. Rd2+ Kc5 46. Rd7 Kb4 47. Rc7 Rb6 48. Kd2 Rd6+ 49. Ke1 Rd4 50. f3
Rd5 51. Rc6 Rd7 52. Rc8 Rb7 53. Re8 Rb6 54. Rd8 Kc3 55. Kf2 Re6 56. f4 Rb6
57. Ke3 f5 58. Rc8 Kb4 59. Rd8 Bb3 60. Bxb3 Kxb3 61. Rd4 Ka3 62. Kf3 Rb3+
63. Kf2 Rb4 64. Rd6 Kxa4 65. Rxg6 Kb3 66. Rg5 a4 67. Rxf5 a3 68. Re5 a2 69.
Re1 Kc3 70. Rc1+ Kb2 71. Re1 a1=Q 72. Rxa1 Kxa1 73. Ke3 Rb3+ 74. Kf2 Kb2
75. f5 Kc3 76. Ke3 Kc4+ 77. Ke4 Rxg3 78. f6 Rg1 79. Ke5 Rf1 80. Ke6 Kd4 81.
f7 Ke4 82. Ke7 Rxf7+ 83. Kxf7 Ke5 0-1

[Event "16th TCh-RUS Premier"]
[Site "Dagomys RUS"]
[Date "2009.04.10"]
[Round "7"]
[White "Andreikin,D"]
[Black "Serov,M"]
[Result "1-0"]
[WhiteElo "2625"]
[BlackElo "2340"]
[EventDate "2009.04.04"]

1. d4 Nf6 2. Nf3 d6 3. c4 Nbd7 4. Nc3 e5 5. Bg5 Be7 6. Qc2 O-O 7. e3 c6 8.
Bd3 h6 9. Bh4 a6 10. O-O-O Qc7 11. g4 b5 12. g5 hxg5 13. Nxg5 bxc4 14. Bxc4
d5 15. Bb3 Qb6 16. Rhg1 Re8 17. Nxf7 Kxf7 18. Qg6+ Ke6 19. Bxf6 Nxf6 20.
dxe5 Kxe5 21. Nxd5 cxd5 22. Rxd5+ Ke6 23. Rb5+ 1-0

[Event "16th TCh-RUS Premier"]
[Site "Dagomys RUS"]
[Date "2009.04.10"]
[Round "7"]
[White "Popov,Val"]
[Black "Dreev,A"]
[Result "1/2-1/2"]
[WhiteElo "2570"]
[BlackElo "2668"]
[EventDate "2009.04.04"]

1. d4 d5 2. c4 c6 3. Nc3 Nf6 4. e3 e6 5. Nf3 Nbd7 6. Qc2 Bd6 7. Bd3 O-O 8.
O-O dxc4 9. Bxc4 a6 10. Rd1 b5 11. Be2 Qc7 12. Ne4 Nxe4 13. Qxe4 e5 14. Qh4
Re8 15. Bd3 h6 16. Bd2 Be7 17. Qg3 Bd6 18. Qh4 1/2-1/2

[Event "16th TCh-RUS Premier"]
[Site "Dagomys RUS"]
[Date "2009.04.10"]
[Round "7"]
[White "Timofeev,Arty"]
[Black "Belov,Vl"]
[Result "1/2-1/2"]
[WhiteElo "2677"]
[BlackElo "2623"]
[EventDate "2009.04.04"]

1. e4 c6 2. d4 d5 3. exd5 cxd5 4. c4 Nf6 5. Nc3 Nc6 6. Bg5 dxc4 7. Nf3 h6
8. Bxf6 exf6 9. Bxc4 Bd6 10. O-O O-O 11. h3 Bf5 12. Bd3 Bd7 13. a3 Re8 14.
Qb3 Na5 15. Qa2 Rc8 16. Rfe1 a6 17. Rxe8+ Bxe8 18. Re1 b5 19. Bf5 Bd7 20.
Nh4 Bxf5 21. Nxf5 Bf8 22. Nd5 Kh8 23. Nfe3 Nc4 24. Rd1 f5 25. Qb3 g6 26.
Nf4 Qd6 27. Ne2 Kg8 28. Nxc4 bxc4 29. Qc2 Rc7 30. Rc1 h5 31. Qa4 Qe6 32.
Kf1 Bh6 33. Rd1 1/2-1/2

[Event "16th TCh-RUS Premier"]
[Site "Dagomys RUS"]
[Date "2009.04.10"]
[Round "7"]
[White "Vorobiov,E"]
[Black "Inarkiev,E"]
[Result "1/2-1/2"]
[WhiteElo "2596"]
[BlackElo "2676"]
[EventDate "2009.04.04"]

1. e4 e5 2. Nf3 Nc6 3. Nc3 g6 4. d4 exd4 5. Nxd4 Bg7 6. Be3 Nf6 7. Qd2 O-O
8. O-O-O Re8 9. f3 d5 10. exd5 Nxd5 11. Nxc6 bxc6 12. Bd4 Bxd4 13. Qxd4
Qg5+ 14. Qd2 Qxd2+ 15. Kxd2 Bf5 16. Nxd5 cxd5 17. Bb5 Red8 18. Bd3 Be6 19.
b4 c5 20. bxc5 Rac8 21. Rb1 Rxc5 22. Rb4 a5 23. Rb5 Rxb5 24. Bxb5 Kf8 25.
Re1 Rb8 26. a4 Ke7 27. Kd3 Kd6 28. Kd4 Bd7 29. Re5 Be6 1/2-1/2

[Event "16th TCh-RUS Premier"]
[Site "Dagomys RUS"]
[Date "2009.04.10"]
[Round "7"]
[White "Tiviakov,S"]
[Black "Deviatkin,A"]
[Result "1/2-1/2"]
[WhiteElo "2697"]
[BlackElo "2566"]
[EventDate "2009.04.04"]

1. e4 c6 2. d4 d5 3. Nd2 dxe4 4. Nxe4 Bf5 5. Ng3 Bg6 6. Nh3 Nf6 7. Bc4 e6
8. Nf4 Bd6 9. Bb3 Nbd7 10. Qf3 a5 11. c3 a4 12. Nxg6 hxg6 13. Bc2 Qc7 14.
a3 c5 15. dxc5 Bxc5 16. Bf4 Bd6 17. Ne2 Bxf4 18. Qxf4 Qxf4 19. Nxf4 g5 20.
Ne2 Nc5 21. Rd1 Ke7 22. Ng3 Rh4 23. Rd4 Rxd4 24. cxd4 Nb3 25. Bxb3 axb3 26.
Kd2 Nd5 27. Ne2 Ra4 28. Kd3 b5 29. g3 g4 30. Rd1 b4 31. axb4 Rxb4 32. Nc3
Nxc3 33. Kxc3 Rb5 34. Rd2 Kd6 35. Kc4 Rb8 36. Rd3 Rh8 37. Kxb3 Rxh2 38. Rd2
Kd5 39. Kc3 Rh8 40. b4 Rc8+ 41. Kb3 Rb8 1/2-1/2

[Event "16th TCh-RUS Premier"]
[Site "Dagomys RUS"]
[Date "2009.04.10"]
[Round "7"]
[White "Amonatov,F"]
[Black "Rychagov,A"]
[Result "1-0"]
[WhiteElo "2648"]
[BlackElo "2530"]
[EventDate "2009.04.04"]

1. e4 e6 2. d4 d5 3. Nc3 Nf6 4. e5 Nfd7 5. f4 c5 6. Nf3 Nc6 7. Be3 cxd4 8.
Nxd4 Bc5 9. Qd2 O-O 10. O-O-O a6 11. Nb3 Bb4 12. Bd3 b5 13. g4 Nb6 14. Qf2
Nc4 15. Bxc4 bxc4 16. Nd4 Nxd4 17. Bxd4 Be7 18. Rhf1 f5 19. exf6 Bxf6 20.
Bxf6 Qxf6 21. Qe3 Rb8 22. g5 Qg6 23. Ne2 Rb7 24. Nd4 Rbf7 25. Rde1 Bd7 26.
Nf3 Ba4 27. Nd4 Bd7 28. Qe5 Re8 29. a3 Qh5 30. Rf2 Qh4 31. Ref1 Bb5 32. Kb1
Bd7 33. Rg2 Ref8 34. g6 hxg6 35. Rxg6 Rf6 36. Rfg1 Rxg6 37. Rxg6 Rf6 38. f5
Rxg6 39. fxg6 Qf6 40. Qb8+ Qf8 41. Qc7 Qe8 42. Nf3 Bb5 43. Ne5 Kf8 44. h4
Qe7 45. Qc8+ Qe8 46. Qb7 Qe7 47. Qb8+ Qe8 48. Qb6 Qe7 49. h5 1-0

[Event "16th TCh-RUS Premier"]
[Site "Dagomys RUS"]
[Date "2009.04.10"]
[Round "7"]
[White "Kharitonov,Alexandr"]
[Black "Khismatullin,D"]
[Result "1/2-1/2"]
[WhiteElo "2524"]
[BlackElo "2601"]
[EventDate "2009.04.04"]

1. d4 Nf6 2. c4 e6 3. Nc3 d5 4. cxd5 Nxd5 5. e4 Nxc3 6. bxc3 c5 7. Nf3 cxd4
8. cxd4 Bb4+ 9. Bd2 Bxd2+ 10. Qxd2 O-O 11. Bc4 Nc6 12. O-O b6 13. Rad1 Bb7
14. Rfe1 Rc8 15. d5 Na5 16. Bd3 Qd6 17. Qg5 h6 1/2-1/2

[Event "16th TCh-RUS Premier"]
[Site "Dagomys RUS"]
[Date "2009.04.10"]
[Round "7"]
[White "Gelfand,B"]
[Black "Svidler,P"]
[Result "1/2-1/2"]
[WhiteElo "2733"]
[BlackElo "2726"]
[EventDate "2009.04.04"]

1. Nf3 Nf6 2. c4 g6 3. Nc3 d5 4. cxd5 Nxd5 5. Qa4+ Nc6 6. Ne5 Qd6 7. Nxc6
Qxc6 8. Qxc6+ bxc6 9. b3 Nxc3 10. dxc3 Bg7 11. Bb2 a5 12. g3 a4 13. Bg2 Ra6
14. O-O-O Be6 15. c4 O-O 16. Bxg7 Kxg7 17. Kb2 Rb8 18. Kc3 c5 19. Be4 axb3
20. axb3 Ra3 21. Bc2 Rb4 22. Kd2 Rb6 23. Ra1 Rba6 24. Rxa3 Rxa3 25. Kc3 Bd7
26. Rd1 Bc6 27. Rd8 Ra8 28. Rxa8 Bxa8 29. b4 cxb4+ 30. Kxb4 e5 31. Kc5 f5
32. Ba4 Bb7 33. Bc6 Bc8 34. f4 exf4 35. gxf4 h6 36. Bd5 Bd7 37. Bc6 Bc8 38.
Be8 Bb7 39. h4 Kf6 40. Kb5 g5 41. hxg5+ hxg5 42. fxg5+ Kxg5 43. Bc6 Bxc6+
44. Kxc6 Kf4 45. Kxc7 Ke3 46. Kd6 Kxe2 47. Ke5 Ke3 48. Kxf5 1/2-1/2

[Event "16th TCh-RUS Premier"]
[Site "Dagomys RUS"]
[Date "2009.04.10"]
[Round "7"]
[White "Zvjaginsev,V"]
[Black "Grachev,B"]
[Result "1/2-1/2"]
[WhiteElo "2635"]
[BlackElo "2652"]
[EventDate "2009.04.04"]

1. e4 c5 2. Nf3 d6 3. d4 cxd4 4. Qxd4 Bd7 5. Be3 Nc6 6. Qd2 g6 7. Nc3 Bg7
8. Bd3 Nf6 9. h3 O-O 10. O-O Qa5 11. a3 Rfd8 12. Rfd1 Rac8 13. Rab1 Be8 14.
Qe1 Ne5 15. Nxe5 dxe5 16. Bf1 e6 17. Rxd8 Rxd8 18. Nd5 Qxe1 19. Nxf6+ Bxf6
20. Rxe1 a6 21. Bd3 Be7 22. Kf1 Rc8 23. Ke2 f5 24. f3 Kf7 25. Rc1 Kf6 26.
g4 Bc6 27. h4 f4 28. Bf2 Kf7 29. b4 Ba4 30. c4 Ke8 31. Kd2 Kd7 32. Kc3 Kc7
33. Bc2 Bxc2 34. Rxc2 Rd8 35. Rd2 Rxd2 36. Kxd2 b5 37. h5 Kc6 38. Kc3 Bd8
39. Kb3 Be7 40. a4 Bd8 41. Ba7 Be7 42. Bb8 Bf6 43. cxb5+ axb5 44. Ka3 Kb7
45. Bd6 Kc6 46. Bf8 Kb6 47. Kb3 Kc6 48. a5 Kb7 49. Kc3 Kc6 50. Kd3 Kb7 51.
Ke2 Kc6 52. Kf1 Kb7 53. Kg2 Kc6 54. Kh3 Kc7 55. Kg2 Kc6 56. Bc5 Kb7 57. Kh3
Kc7 58. Kg2 Kc6 59. Kf2 Kc7 60. Ke2 Kc6 61. Kd3 Kc7 62. Kc3 Kc6 63. Bf8 Kb7
64. Bd6 Kc6 65. hxg6 hxg6 66. g5 Bxg5 67. Bxe5 Kb7 68. Bd6 Kc6 69. e5 Kd5
70. Kd3 Bd8 71. Ke2 Kc6 72. Kf2 Kd5 73. Kg2 Kc6 74. Kh3 Bg5 75. Kg4 Bh6 76.
Bc5 Kb7 77. Bd4 Bf8 78. Bc3 Be7 79. Kxf4 Kc6 80. Ke4 Kb7 81. Bd2 Kc6 82.
Kd4 Bh4 83. Bc3 Be7 84. Kd3 Kd5 85. Kc2 Bh4 86. Bd2 Be7 87. Kd3 Kc6 88. Kc3
Bh4 89. Be3 Bg3 90. Bd4 Be1+ 91. Kb3 Bg3 92. Kc2 Kd5 93. Kd3 Bf4 94. a6 Kc6
95. Ke4 Bg5 96. Bc5 Bh4 97. Kf4 Bd8 98. Kg4 Kc7 99. Kf4 Kc6 100. Kg3 Kc7
101. Kg4 Kc6 102. f4 Kc7 103. Kf3 Kc6 104. Ke4 Bh4 105. Kd3 Kc7 106. Ke2
Kc6 1/2-1/2

[Event "16th TCh-RUS Premier"]
[Site "Dagomys RUS"]
[Date "2009.04.10"]
[Round "7"]
[White "Efimenko,Z"]
[Black "Savchenko,B"]
[Result "1-0"]
[WhiteElo "2682"]
[BlackElo "2655"]
[EventDate "2009.04.04"]

1. e4 e5 2. Nf3 Nf6 3. Nxe5 d6 4. Nf3 Nxe4 5. d4 d5 6. Bd3 Nc6 7. O-O Be7
8. Nc3 Nxc3 9. bxc3 O-O 10. h3 Be6 11. Re1 Qd7 12. Rb1 Rab8 13. Bf4 Bd6 14.
Qd2 f6 15. Bxd6 Qxd6 16. Nh4 Na5 17. Qe2 Bd7 18. Qh5 f5 19. Bxf5 Bxf5 20.
Nxf5 Qf6 21. Ne7+ Kh8 22. f4 c6 23. f5 Qf7 24. Qxf7 Rxf7 25. Re6 Rd8 26. g4
Rff8 27. Rb4 a6 28. Rb1 Rd7 29. Kf2 Nc4 30. Rbe1 Nd6 31. Kg2 Ne4 32. c4 Ng5
33. R6e3 dxc4 34. c3 Nf7 35. h4 Nd6 36. h5 Rdd8 37. a4 Rf7 38. Re6 Rff8 39.
Kg3 Ne8 40. g5 Nc7 41. R6e5 Rd6 42. g6 h6 43. Rb1 b5 44. a5 Rdf6 45. Rbe1
Rd6 46. Rc5 b4 47. Nxc6 Nd5 48. cxb4 c3 49. Re6 Rd7 50. Re5 Nf6 51. Kh4 Rc8
52. Rxc3 Rxd4+ 53. Nxd4 Rxc3 54. Rc5 Re3 55. Ne6 Re4+ 56. Kh3 Ng8 57. b5
axb5 58. Rc8 1-0